| 000 | 01240nam a2200337 a 4500 | ||
|---|---|---|---|
| 001 | |||
| 003 | DO-SdBNP | ||
| 005 | 20210818130031.0 | ||
| 008 | 091012s1990 dr 001 0 spa d | ||
| 040 |
_aDO-SdBNP _bspa _cBPMSU |
||
| 041 | 1 | 7 |
_aspa _heng |
| 049 | _a | ||
| 082 |
_a972.93052 _bB959p 1990 _222 |
||
| 100 | 1 |
_aBurks, Arthur J., _d1915-2008 |
|
| 245 | 1 | 3 |
_aEl país de las familias multicolores / _cArthur J. Burks ; traducción del inglés por Gustavo Amigó ; prólogo José del Castillo ; revisión Diógenes Céspedes. |
| 260 |
_aSanto Domingo : _bSociedad Dominicana de Bibliófilos, _c1990. |
||
| 300 |
_axxiv, 225 p. ; _c23 cm. |
||
| 490 | 0 | _aCultura dominicana | |
| 500 | _aIncluye referencias biblográficas y notas a pie de las páginas. | ||
| 534 | _aLand of checkerboard families, | ||
| 590 | _6Inventariado, 2021/VM | ||
| 650 | _a | ||
| 651 | 4 |
_aRepública Dominicana _xHistoria _yOcupación estadounidense, 1916 |
|
| 651 | 4 |
_aRepública Dominicana _xDescripciones y viajes |
|
| 700 | 1 |
_aAmigó, Gustavo, _etr. |
|
| 700 | 1 |
_aCastillo, José del, _epról. |
|
| 700 |
_aCéspedes, Diógenes, _d1941- _erev. |
||
| 710 | 2 | _aSociedad Dominicana de Bibliófilos | |
| 910 | _a VMateo V. | ||
| 942 |
_2ddc _cBK |
||
| 999 |
_c13664 _d13664 |
||